| 000 | 00351nam a22001337a 4500 | ||
|---|---|---|---|
| 008 | 250320b |||||||| |||| 00| 0 eng d | ||
| 020 | _aNIL | ||
| 050 |
_aPR9387 _b.P47 |
||
| 100 | _aOGUNBIYI, Yemi | ||
| 245 | _aPerspective on Nigeria Literature: 1700 to the Present | ||
| 260 |
_aNigeria _bGuardian Book Nig. Ltd. _c1988 |
||
| 300 | _aNIL | ||
| 942 | _cBK | ||
| 999 |
_c2495 _d2495 |
||